Entry Topical Term
Number of records used in: 1
001 - CONTROL NUMBER
003 - CONTROL NUMBER IDENTIFIER
005 - DATE AND TIME OF LATEST TRANSACTION
- control field:
20260413163304.0
008 - FIXED-LENGTH DATA ELEMENTS
- fixed length control field:
260413|| aca||aabn | a|a d
040 ## - CATALOGING SOURCE
- Original cataloging agency:
JRU
- Transcribing agency:
JRU
150 ## - HEADING--TOPICAL TERM
- Topical term or geographic name as entry element:
Knowledge
670 ## - SOURCE DATA FOUND
- Source citation:
Work cat.: (JRU)4662: 2Thorpe, Edgar and Showick, thorpe 8994, Concise General Knowledge Manual (2010), 2010